书目信息 |
| 题名: |
松筋活血易筋经
|
|
| 作者: | 茹凯 编著 | |
| 分册: | ||
| 出版信息: | 长春 吉林科学技术出版社 2015 |
|
| 页数: | 180页 | |
| 开本: | 23cm | |
| 丛书名: | ||
| 单 册: | ||
| 中图分类: | G852.6 | |
| 科图分类: | ||
| 主题词: | 易筋经(古代体育)--Yi Jin Jing (Gu Dai Ti Yu )--基本知识 | |
| 电子资源: | ||
| ISBN: | 978-7-5384-6586-0 | |
| 000 | 00994nam0 22002411 450 | |
| 001 | 351177 | |
| 005 | 20161012082550.96 | |
| 010 | @a978-7-5384-6586-0@dCNY39.90(含光盘) | |
| 100 | @a20150514d2015 em y0chiy50 ea | |
| 101 | 0 | @achi |
| 102 | @aCN@b220000 | |
| 105 | @aa z 000yy | |
| 106 | @ar | |
| 200 | 1 | @a松筋活血易筋经@ASong Jin Huo Xue Yi Jin Jing@f茹凯编著 |
| 210 | @a长春@c吉林科学技术出版社@d2015 | |
| 215 | @a180页@c彩图@d23cm@e附光盘1片 | |
| 307 | @a附光盘:ISBN 978-7-7900-0590-3 | |
| 330 | @a本书结合武术和中医的理念和方法,使读者知其然也知其所以然,大道至简的原则,达到轻松学习的目的。为方便练习,该书图文结合,选用主次分明的大小图。大图详细拆解每一个动作,保持练习的完整性;小图纠正习练中易犯错误。并详细强化功法的养生功效,将生理、医理、生活哲学完美地融合。 | |
| 606 | 0 | @a易筋经(古代体育)@AYi Jin Jing (Gu Dai Ti Yu )@x基本知识 |
| 690 | @aG852.6@v5 | |
| 701 | 0 | @a茹凯@ARu Kai@f(1970~)@4编著 |
| 801 | 0 | @aCN@bTANGWEI@c20160812 |
| 905 | @b0893506-10@dG852.6@e277@f5 | |
| 松筋活血易筋经/茹凯编著 .-长春:吉林科学技术出版社,2015 |
| 180页:彩图;23cm+附光盘1片 |
| ISBN 978-7-5384-6586-0:CNY39.90(含光盘) |
| 本书结合武术和中医的理念和方法,使读者知其然也知其所以然,大道至简的原则,达到轻松学习的目的。为方便练习,该书图文结合,选用主次分明的大小图。大图详细拆解每一个动作,保持练习的完整性;小图纠正习练中易犯错误。并详细强化功法的养生功效,将生理、医理、生活哲学完美地融合。 |
| ● |
| 相关链接 |
|
|
|
|
正题名:松筋活血易筋经
索取号:G852.6/277
 
预约/预借
| 序号 | 登录号 | 条形码 | 馆藏地/架位号 | 状态 | 备注 |
| 1 | 0893506 | 208935063 | 第一样本阅览室/ [索取号:G852.6/277] | 在馆 | |
| 2 | 0893507 | 208935072 | 第四借阅区/ [索取号:G852.6/277] | 在馆 | |
| 3 | 0893508 | 208935081 | 第四借阅区/ [索取号:G852.6/277] | 在馆 | |
| 4 | 0893509 | 208935090 | 第四借阅区/ [索取号:G852.6/277] | 在馆 | |
| 5 | 0893510 | 208935107 | 第四借阅区/ [索取号:G852.6/277] | 在馆 |